Planning and implementing end-user information systems : (Record no. 250794)
[ view plain ]
| 000 -LEADER | |
|---|---|
| fixed length control field | 01139pam a2200301 a 4500 |
| 001 - CONTROL NUMBER | |
| control field | 2959972 |
| 003 - CONTROL NUMBER IDENTIFIER | |
| control field | OSt |
| 005 - DATE AND TIME OF LATEST TRANSACTION | |
| control field | 20151016104702.0 |
| 008 - FIXED-LENGTH DATA ELEMENTS--GENERAL INFORMATION | |
| fixed length control field | 910426s1992 ohua b 001 0 eng |
| 010 ## - LIBRARY OF CONGRESS CONTROL NUMBER | |
| LC control number | 91018747 |
| 020 ## - INTERNATIONAL STANDARD BOOK NUMBER | |
| International Standard Book Number | 0538702192 |
| International Standard Book Number | 0538709073 |
| 040 ## - CATALOGING SOURCE | |
| Original cataloging agency | DLC |
| Transcribing agency | DLC |
| Modifying agency | DLC |
| 050 00 - LIBRARY OF CONGRESS CALL NUMBER | |
| Classification number | QA76.9.S88 |
| Item number | H46 1992 |
| 082 00 - DEWEY DECIMAL CLASSIFICATION NUMBER | |
| Classification number | 651.8/421 |
| Edition number | 20 |
| 100 1# - MAIN ENTRY--PERSONAL NAME | |
| Personal name | Hershey, Gerald L., |
| Dates associated with a name | 1943- |
| 245 10 - TITLE STATEMENT | |
| Title | Planning and implementing end-user information systems : |
| Remainder of title | office and end-user systems management / |
| Statement of responsibility, etc | Gerald L. Hershey, Donna L. Kizzier with Joel D. Levy, Robert A. Miller, Amy D. Wohl. |
| 260 ## - PUBLICATION, DISTRIBUTION, ETC. (IMPRINT) | |
| Place of publication, distribution, etc | Cincinnati, OH : |
| Name of publisher, distributor, etc | South-Western Pub. Co., |
| Date of publication, distribution, etc | c1992. |
| 300 ## - PHYSICAL DESCRIPTION | |
| Extent | xvi, 807 p. : |
| Other physical details | ill. (some col.) ; |
| Dimensions | 24 cm. |
| 504 ## - BIBLIOGRAPHY, ETC. NOTE | |
| Bibliography, etc | Includes bibliographical references and index. |
| 650 #0 - SUBJECT ADDED ENTRY--TOPICAL TERM | |
| Topical term or geographic name as entry element | System design. |
| Topical term or geographic name as entry element | End-user computing. |
| Topical term or geographic name as entry element | Office practice |
| General subdivision | Automation. |
| 700 1# - ADDED ENTRY--PERSONAL NAME | |
| Personal name | Kizzier, Donna L. McAlister. |
| 906 ## - LOCAL DATA ELEMENT F, LDF (RLIN) | |
| a | 7 |
| b | cbc |
| c | orignew |
| d | 1 |
| e | ocip |
| f | 19 |
| g | y-gencatlg |
| 942 ## - ADDED ENTRY ELEMENTS (KOHA) | |
| Source of classification or shelving scheme | Library of Congress Classification |
| Koha item type | Long Loan Books |
| Withdrawn status | Lost status | Source of classification or shelving scheme | Damaged status | Not for loan | Collection code | Home library | Current library | Shelving location | Date acquired | Total Checkouts | Full call number | Barcode | Date last seen | Price effective from | Koha item type |
|---|---|---|---|---|---|---|---|---|---|---|---|---|---|---|---|
| Library of Congress Classification | Non-fiction | Rongo University Library | Rongo University Library | General Stacks | 16/10/2015 | QA76.9.S88 H46 1992 | 20155028 | 16/10/2015 | 16/10/2015 | Long Loan Books |
